Zavedenie manažmentu rizika

Metódy identifikácie rizika podniku. Swot analýza podniku. Analýza úloh (task analysis). Analýza stromu porúch (fault tree analysis, FTA). Analýza príčin a následkov (cause and consequence analysis, CCA). Obchodné riziká.

Guardado en:
Detalles Bibliográficos
Autor principal: Rybárová, Daniela, 1967-
Otros Autores: Grisáková, Nora, 1978-
Formato: Capítulo de libro
Lenguaje:eslovaco
Materias:
Etiquetas: Agregar Etiqueta
Sin Etiquetas, Sea el primero en etiquetar este registro!

MARC

LEADER 00000naa a2200000 4500
001 0143482
005 20240502072555.9
041 0 |a slo 
044 |a SK 
245 1 0 |a Zavedenie manažmentu rizika  |c Daniela Rybárová, Nora Grisáková 
520 |a Metódy identifikácie rizika podniku. Swot analýza podniku. Analýza úloh (task analysis). Analýza stromu porúch (fault tree analysis, FTA). Analýza príčin a následkov (cause and consequence analysis, CCA). Obchodné riziká. 
610 2 0 |a manažment 
610 2 0 |a riziko 
610 2 0 |a riadenie rizík 
610 2 0 |a analýzy 
610 2 0 |a analýza swot 
610 2 0 |a trh 
610 2 0 |a produkty 
610 2 0 |a propagácia 
610 2 0 |a distribúcia 
610 2 0 |a konkurencia 
610 2 0 |a politika cenová 
610 2 0 |a plán podnikový 
100 1 |a Rybárová, Daniela, 1967- 
700 1 |a Grisáková, Nora, 1978-